Valves.
Uložené v:
| Médium: | Kniha |
|---|---|
| Jazyk: | Slovak English Italian |
| Vydané: |
[2010].
|
| Vydanie: | 1. vyd. |
| Témy: | |
| On-line prístup: | http://www.aron.it http://www.hydrocom.cz |
| Fyzický popis: |
8 s. |
| Tagy: |
Pridať tag
Žiadne tagy, Buďte prvý kto otaguje tento záznam!
|
Titul je dostupný aj v ... 

MARC
| LEADER | 00000nam#a22000003a#4500 | ||
|---|---|---|---|
| 001 | 000364984 | ||
| 003 | SVKKK | ||
| 005 | 20100921101610.0 | ||
| 008 | 090818s2010 xo |||| 0 slo#d | ||
| 040 | |a SVK |b slo |c SVK |e AACR2 | ||
| 041 | 1 | # | |a eng |a ita |
| 044 | |a it |c IT | ||
| 080 | |a 62-34 |2 2001 | ||
| 110 | 2 | |a ARON S. p. A. |c 1. Via NAtta - 42100 Reggio Emilia, Taliansko |4 mfr | |
| 245 | 1 | 0 | |a Valves. |
| 250 | |a 1. vyd. | ||
| 260 | # | |c [2010]. | |
| 300 | |a 8 s. | ||
| 655 | 7 | |a firemné prospekty |2 SNKPH | |
| 710 | 2 | # | |a HYDROCOM hydraulické systémy |c Havránkova 11, 619 00 Brno, ČR |4 dst |
| 856 | 4 | 1 | |u http://www.aron.it |
| 856 | 4 | 1 | |u http://www.hydrocom.cz |
| 910 | |a svkkk | ||
| 998 | |a FL | ||
| 090 | |g SCKHL |k SK42 |a 62-34 |j 221373 |i 221373 |4 zastaraná |s Vyradená | ||